0802-ひたちなか海浜鉄道の駅 - Statistics

General Stats
  • This quiz has been taken 90 times
  • The average score is 7 of 11
Answer Stats
本線 % Correct
勝田
100%
阿字ヶ浦
86%
那珂湊
83%
高田の鉄橋
71%
工機前
65%
金上
57%
中根
57%
平磯
55%
磯崎
54%
殿山
51%
美乃浜学園
51%
No matching quizzes found
Score Distribution
Percent of People with Each Score
Percentile by Number Answered
Your Score History
You have not taken this quiz